000 00636nam a2200241Ia 4500
003 OSt
005 20221007074141.0
006 a|||||r|||| 00| 0
007 ta
008 221006b |||||||| |||| 00| 0 eng d
024 _a17,256
037 _cTextual
040 _aFLL
_cFLL
_beng
041 _2eng
_aeng
082 _aXM55:Z2qN51, L1
100 _aRamaiya A. Au.
245 0 _aGuide to the companies act
250 _a6th
260 _aMadras
_bMadras Law Journal Office India
_c1971
300 _alvi,1242p
_ccm.
942 _hXM55:Z2qN51, L1
_cTEXL
_2CC
999 _c1151340
_d1151340